The american heritage dictionary
Saved in:
| Format: | Book |
|---|---|
| Language: | English |
| Published: |
Boston
Houghton Mifflin
1982
|
| Edition: | 2a. ed |
| Subjects: | |
| Tags: |
Add Tag
No Tags, Be the first to tag this record!
|
MARC
| LEADER | 00000nam a2200000 a 4500 | ||
|---|---|---|---|
| 001 | UCL2544 | ||
| 003 | CL-VaPUC | ||
| 008 | 031024e19820000US |||||||||||||||||eng|d | ||
| 020 | |a 0395329442 | ||
| 082 | 0 | 4 | |a 423 |b AME |2 21 |
| 245 | 1 | 4 | |a The american heritage dictionary |
| 250 | |a 2a. ed | ||
| 300 | |a 1568 p | ||
| 942 | |c BK | ||
| 945 | |d 20031024 00:00:00 |a cmena | ||
| 260 | |a Boston |b Houghton Mifflin |c 1982 | ||
| 650 | 0 | |a Inglés |9 260023 | |
| 650 | 0 | |a Diccionarios |9 256200 | |
| 650 | 0 | |a Glosarios |9 261047 | |
| 583 | |a last modification |c 20031024 00:00:00 |k Rodrigo Vera | ||
| 999 | |c 305841 |d 305839 | ||
| 952 | |0 0 |1 0 |4 0 |6 423_000000000000000_AME_1982 |7 0 |8 X |9 370314 |a BIBCUR |b BIBCUR |d 2019-11-21 |i 2083507 |o 423 AME 1982 |p 2083507 |r 2025-04-22 |w 2019-11-21 |y BK_X |k FIS | ||